Cities of Yuma County, AZ - with a map - Statistics

General Stats
  • This quiz has been taken 26 times
  • The average score is 9 of 21
Answers on the Map
Answers color-coded by a green-red scale on the quiz's map according to % correct below.
 
Answer Stats
Answer % Correct
Yuma
100%
San Luis
80%
Somerton
70%
Wellton
60%
Dateland
50%
Aztec
40%
Fortuna Foothills
40%
Tacna
40%
Avenue B & C
30%
Buckshot
30%
Donovan Estates
30%
Drysdale
30%
El Prado Estates
30%
Gadsden
30%
Martinez Lake
30%
Orange Grove Mobile Manor
30%
Padre Ranchitos
30%
Wellton Hills
30%
Yuma Proving Ground
30%
Rancho Mesa Verde
20%
Wall Lane
20%
No matching quizzes found
Score Distribution
Percent of People with Each Score
Percentile by Number Answered
Your Score History
You have not taken this quiz